Nástroje environmentálneho manažérstva v teórii a praxi
Saved in:
| Main Author: | |
|---|---|
| Other Authors: | , , |
| Format: | Book |
| Language: | Slovak |
| Published: |
Košice
Petit
2014
|
| Edition: | 1. vyd. |
| Subjects: | |
| Tags: |
No Tags, Be the first to tag this record!
|
MARC
| LEADER | 00000nam a2200000 4500 | ||
|---|---|---|---|
| 001 | 0192687 | ||
| 005 | 20240502073231.2 | ||
| 020 | |a 978-80-971555-2-0 | ||
| 041 | 0 | |a slo | |
| 044 | |a SK | ||
| 245 | 1 | 0 | |a Nástroje environmentálneho manažérstva v teórii a praxi |c Milan Majerník, Jana Chovancová ; recenzenti: Janko Hodolič, Juraj Tej |
| 250 | |a 1. vyd. | ||
| 264 | 1 | |a Košice |b Petit |c 2014 | |
| 300 | |a 131 s. [6,45 AH] | ||
| 610 | 2 | 0 | |a manažment environmentálny |
| 610 | 2 | 0 | |a systémy riadenia |
| 610 | 2 | 0 | |a audit |
| 100 | 1 | |a Majerník, Milan, 1952- | |
| 700 | 1 | |a Chovancová, Jana | |
| 700 | 1 | |a Hodolič, Janko | |
| 700 | 1 | |a Tej, Juraj | |